| 000 | 00000cam 2200000zi 4500 |
| 001 | 9.957354 |
| 003 | CaOODSP |
| 005 | 20260602114232 |
| 006 | m o d f |
| 007 | cr cn||||||||| |
| 008 | 251117t20252025oncdab o f000 0 eng d |
| 020 | |a9780660797397 |
| 040 | |aCaOODSP|beng|erda|cCaOODSP |
| 043 | |an-cn--- |
| 086 | 1 |aT94-104/2025E-PDF |
| 245 | 00|aBuilding foundations for tomorrow : |bassessing housing-enabling infrastructure across Canada : national infrastructure assessment, report 1, 2025. |
| 264 | 1|aOttawa, Ontario : |bHousing, Infrastructure and Communities Canada = Logement, Infrastructures et Collectivités Canada, |c2025. |
| 264 | 4|c©2025 |
| 300 | |a1 online resource (63 pages) : |bcharts, illustrations, maps |
| 336 | |atext|btxt|2rdacontent |
| 337 | |acomputer|bc|2rdamedia |
| 338 | |aonline resource|bcr|2rdacarrier |
| 500 | |aCover title. |
| 500 | |aIssued also in French under title: Bâtir les fondations de demain : évaluer l'infrastructure favorisant le logement au Canada : évaluation nationale des infrastructures, rapport 1, 2025. |
| 500 | |a"Canadian Infrastructure Council." |
| 504 | |aIncludes bibliographical references. |
| 520 | |a"As the country works to address a deepening housing crisis, it must also confront the reality that public infrastructure systems essential to supporting more housing, including water and wastewater, waste management and public transit and active transportation systems, are illequipped to support our future needs. The Canadian Infrastructure Council has produced Report 1 of the National Infrastructure Assessment (NIA) that is focused primarily on these public infrastructure systems, along with the governance, procurement, and financing systems that influence their development and delivery. The report provides initial actions needed to support Canada’s growing population and changing climate"--Executive summary, page 8. |
| 650 | 0|aInfrastructure (Economics)|xGovernment policy|zCanada. |
| 710 | 1 |aCanada. |bHousing, Infrastructure and Communities Canada, |eissuing body. |
| 775 | 08|tBâtir les fondations de demain : |w(CaOODSP)9.957355 |
| 856 | 40|qPDF|s7.56 MB|uhttps://publications.gc.ca/collections/collection_2026/licc-hicc/T94-104-2025-eng.pdf |